[Event "GER-chT North U14"]
[Site "Magdeburg"]
[Date "2014.09.14"]
[Round "7.1"]
[White "Kiesel, Lucas"]
[Black "Goldenbaum, Tobias"]
[Result "1-0"]
[WhiteElo "1530"]
[BlackElo "1390"]
[PlyCount "59"]
[EventDate "2014.09.11"]
[EventType "team-swiss"]
[EventRounds "7"]
[EventCountry "GER"]
[SourceTitle "EXT 2016"]
[Source "ChessBase"]
[SourceDate "2015.10.08"]
[SourceVersion "1"]
[SourceVersionDate "2015.10.08"]
[SourceQuality "1"]
[WhiteTeam "Laatzen"]
[BlackTeam "Berlin Eintracht"]
[WhiteTeamCountry "GER"]
[BlackTeamCountry "GER"]

1. Nf3 d5 2. g3 e6 3. Bg2 f5 4. d4 Nf6 5. 0-0 Be7 6. Nbd2 0-0 7. c4 c6 8. b3 Ne4 9. Bb2 Nd7 10. Ne1 Bg5 11. e3 Ndf6 12. Qe2 Nxd2 13. Qxd2 Ne4 14. Qe2 b6 15. f3 Nd6 16. Ba3 Ba6 17. Rc1 Be7 18. Nd3 dxc4 19. Ne5 Qc7 20. f4 Qb7 21. Nxc6 cxb3 22. Nxe7+ Qxe7 23. Qxa6 Rad8 24. axb3 g5 25. Rc6 gxf4 26. exf4 Rf7 27. Re1 Kg7 28. d5 Qb7 29. Qxb7 Nxb7 30. dxe6 1-0

[Event "GER-chT North U14"]
[Site "Magdeburg"]
[Date "2014.09.12"]
[Round "3.1"]
[White "Goldenbaum, Tobias"]
[Black "Keyser, Robin"]
[Result "0-1"]
[WhiteElo "1390"]
[BlackElo "1635"]
[PlyCount "80"]
[EventDate "2014.09.11"]
[EventType "team-swiss"]
[EventRounds "7"]
[EventCountry "GER"]
[SourceTitle "EXT 2016"]
[Source "ChessBase"]
[SourceDate "2015.10.08"]
[SourceVersion "1"]
[SourceVersionDate "2015.10.08"]
[SourceQuality "1"]
[WhiteTeam "Berlin Eintracht"]
[BlackTeam "Hamburg Eppendorf"]
[WhiteTeamCountry "GER"]
[BlackTeamCountry "GER"]

1. d4 Nf6 2. Nf3 e6 3. e3 c5 4. c3 d5 5. Bd3 Bd6 6. Nbd2 0-0 7. 0-0 Nbd7 8. Qe2 Re8 9. e4 e5 10. dxc5 Nxc5 11. Bc2 dxe4 12. Nxe4 Nfxe4 13. Bxe4 Nxe4 14. Qxe4 f5 15. Qe2 e4 16. Nd4 Qh4 17. f4 Bd7 18. Be3 Rac8 19. Rad1 Bb8 20. Nb5 Be6 21. Nd4 Bc4 22. Qf2 Qxf2+ 23. Rxf2 g6 24. b3 Bd3 25. c4 Rcd8 26. Nb5 a6 27. Nc3 b5 28. Nd5 Kf7 29. Nb6 bxc4 30. Nxc4 Bxc4 31. Rxd8 Rxd8 32. bxc4 Rd3 33. Re2 Rc3 34. Rb2 Bd6 35. Rb7+ Ke6 36. c5 Bxc5 37. Bxc5 Rxc5 38. Rb6+ Kd5 39. Rxa6 e3 40. Ra4 Rc1# 0-1